000 00919nam a2200217 a 4500
005 20210223131752.0
008 120622s2006 mx r 000 0 spa d
020 _a9708141690
035 _aUPN01000185306
049 _aCG
050 4 _aLC1099.5 M6
_bF6.74
111 2 _aForo de consulta sobre los conocimientos y valores de los pueblos originarios del sur de Veracruz
245 1 0 _aForo de consulta sobre los conocimientos y valores de los pueblos originarios del sur de Veracruz :
_bmemoria : hacia la construcción de una educación intercultural /
_c[comp.] Elisa Loncón Antileo.
260 _aMéxico :
_bSEP, Coordinación General de Educación Intercultural y Bilingüe,
_c2006.
300 _a182 p.
440 0 _aDocumentos
650 4 _aEDUCACION INTERCULTURAL -
_zMEXICO -
_vCONGRESOS
_916965
650 4 _aANTROPOLOGIA -
_zVERACRUZ
_94779
700 1 _aLoncón Antileo, Elisa,
_ecomp.
905 _aLibro
999 _c157409
_d157409